[Event "Memorial Victor Syre (open)"]
[Site "masterchessopen.com - Issy Les Moulineaux (France)"]
[Round "5"]
[White "Leuly Max (FRA)"]
[Black "Mangin Philippe"]
[Result "1-0"]
[WhiteElo "2119"]
[BlackElo "1900"]

1.d4 f5 2.Nf3 Nf6 3.g3 g6 4.Bg2 Bg7 5.O-O O-O 6.c4 d6 7.Nc3 Nc6 8.d5 Ne5
9.Nxe5 dxe5 10.c5 e6 11.Qb3 e4 12.Rd1 Qe7 13.d6 cxd6 14.cxd6 Qd7 15.Bf4 b6
16.f3 exf3 17.Bxf3 Rb8 18.Rac1 Bb7 19.Nb5 Rbc8 20.Bxb7 Qxb7 21.Qxe6+ Kh8
22.Rxc8 Rxc8 23.d7 {#r} 1-0

[Event "It (open)"]
[Site "masterchessopen.com - Madrid (Spain)"]
[Round "9"]
[White "Roeder Mathias (GER)"]
[Black "Hernandez Francisco (PAR)"]
[Result "1-0"]
[WhiteElo "2467"]
[BlackElo "1896"]

1.Nf3 f5 2.c4 Nf6 3.g3 g6 4.Bg2 Bg7 5.O-O d6 6.d4 O-O 7.Nc3 Nc6 8.d5 Ne5
9.Nxe5 dxe5 10.Qb3 e6 11.Bg5 h6 12.Bxf6 Bxf6 13.Rfd1 Qe7 14.Nb5 Rd8 15.e4 f4
16.c5 Qf7 17.d6 c6 18.Nc7 Rb8 19.Bh3 Kh7 20.Bxe6 Bxe6 21.Qxe6 Qxe6 22.Nxe6 Rd7
23.gxf4 exf4 24.Nxf4 Bxb2 25.Rab1 Be5 26.Nd3 Re8 27.Kg2 g5 28.f3 Bf6 29.e5
{#r} 1-0

[Event "It (open)"]
[Site "masterchessopen.com - Mallorca (Spain)"]
[Round "3"]
[White "Ruiz Vinals Matias (ESP)"]
[Black "Hernandez Basante Francisco (CRC)"]
[Result "0-1"]
[WhiteElo "2064"]
[BlackElo "2309"]

1.d4 f5 2.c4 Nf6 3.Nf3 g6 4.g3 Bg7 5.Bg2 O-O 6.O-O d6 7.Nc3 Nc6 8.b3 e5 9.dxe5
dxe5 10.Ba3 e4 11.Ng5 Re8 12.Nd5 Nxd5 13.cxd5 Nd4 14.h4 Qxd5 15.e3 Qa5 16.exd4
Qxa3 17.Qc2 Qd6 18.Qc4+ Be6 19.Nxe6 Rxe6 20.Rad1 Rd8 21.d5 Re5 22.f3 e3 23.f4
Re7 24.Rfe1 Kh8 25.Kh2 Rde8 26.Rxe3 Bf6 27.Rxe7 {#R} 0-1

[Event "It"]
[Site "masterchessopen.com - Monmouth (Wales)"]
[Round "8"]
[White "Cobb Charles (ENG)"]
[Black "Marusenko Petr (UKR)"]
[Result "1-0"]
[WhiteElo "2265"]
[BlackElo "2327"]

1.d4 f5 2.g3 Nf6 3.Bg2 g6 4.c4 Bg7 5.Nc3 O-O 6.Nf3 d6 7.O-O Nc6 8.d5 Na5 9.Qd3
c5 10.dxc6 Nxc6 11.Rd1 Qb6 12.Nd5 Nxd5 13.Qxd5+ Kh8 14.a3 e6 15.Qd3 e5 16.Be3
Qxb2 17.Rab1 e4 18.Qxd6 Qxe2 19.Nd4 Qxc4 20.Bf1 Qa2 21.Nxc6 bxc6 22.Bd4 Be6
23.Rb2 Rad8 24.Bxg7+ Kxg7 25.Qe5+ Kh6 26.Rxa2 {#r} 1-0

[Event "It (open)"]
[Site "masterchessopen.com - Padova (Italy)"]
[Round "4"]
[White "Paragua Mark (PHI)"]
[Black "Del-Monaco Andrea (ITA)"]
[Result "1-0"]
[WhiteElo "2423"]
[BlackElo "2077"]

1.Nf3 f5 2.g3 Nf6 3.Bg2 g6 4.O-O Bg7 5.d4 O-O 6.c4 d6 7.Nc3 Nc6 8.d5 Ne5 9.Qb3
Kh8 10.Nd4 Ne4 11.Nxe4 fxe4 12.Ne6 Bxe6 13.dxe6 Qc8 14.c5 c6 15.Bxe4 d5 16.Bg2
Qxe6 17.e4 Nc4 18.Bf4 Bd4 19.Rad1 Bxc5 20.exd5 Qe2 21.Qc3+ Kg8 22.Rfe1 {#r}
1-0

[Event "Ch Mallorca (preferente)"]
[Site "masterchessopen.com - Palma de Majorca (Spain)"]
[Round "6"]
[White "Ruiz Vinals Matias (ESP)"]
[Black "Astorga Talavera Francisco (ESP)"]
[Result "1-0"]
[WhiteElo "2064"]
[BlackElo "1977"]

1.d4 f5 2.c4 Nf6 3.Nf3 g6 4.g3 Bg7 5.Bg2 O-O 6.O-O d6 7.Nc3 Nc6 8.b3 Ne4 9.Bb2
e6 10.e3 g5 11.Nxe4 fxe4 12.Nd2 d5 13.f3 exf3 14.Nxf3 Ne7 15.Ba3 h6 16.Ne5
Rxf1+ 17.Qxf1 Nf5 18.Qd3 dxc4 19.Nxc4 Rb8 20.Rd1 c6 21.g4 Nh4 22.Be4 e5 23.Bd6
Bxg4 24.Nxe5 Qxd6 25.Bh7+ Kf8 26.Rf1+ Bf5 27.Rxf5+ {#r} 1-0

[Event "It (open)"]
[Site "masterchessopen.com - Passau (Germany)"]
[Round "4"]
[White "Pappenheim Rainer (GER)"]
[Black "Wengler Joerg (GER)"]
[Result "1-0"]
[WhiteElo "2138"]
[BlackElo "2081"]

1.d4 f5 2.c4 Nf6 3.Nc3 g6 4.g3 Bg7 5.Bg2 d6 6.Nf3 O-O 7.O-O Nc6 8.d5 Ne5
9.Nxe5 dxe5 10.Qb3 e4 11.f3 exf3 12.Bxf3 Nd7 13.Rd1 Ne5 14.Bg2 Qd6 15.Be3 Qa6
16.Nb5 Qa5 17.c5 Kh8 18.Bd2 Qa6 19.Nxc7 Qxe2 20.Bc3 Qe3+ 21.Kh1 Rb8 22.Na6
bxa6 23.Qxb8 Ng4 24.Bxg7+ Kxg7 25.Rf1 Qxc5 26.Qf4 Bb7 27.Rac1 Qb6 28.h3 Ne3
29.Qe5+ Kh6 30.Qxe7 Rd8 31.Rc7 Nxg2 32.Rxb7 {#r} 1-0

[Event "It (open)"]
[Site "masterchessopen.com - Patras (Greece)"]
[Round "7"]
[White "Vakhidov Tahir (UZB)"]
[Black "Karapanos Nikolaos (GRE)"]
[Result "1-0"]
[WhiteElo "2458"]
[BlackElo "2305"]

1.c4 g6 2.Nf3 Bg7 3.d4 f5 4.g3 Nf6 5.Bg2 O-O 6.Nc3 d6 7.O-O Nc6 8.d5 Na5 9.Qd3
c5 10.b3 a6 11.Bb2 Rb8 12.Rab1 b5 13.cxb5 axb5 14.Nxb5 f4 15.Nh4 g5 16.Nf3 Qe8
17.Nc7 Qh5 18.Ne6 Bxe6 19.dxe6 fxg3 20.fxg3 c4 21.bxc4 Rxb2 22.Rxb2 Nc6 23.Rb5
Ng4 24.h3 Nge5 25.Nxe5 Rxf1+ 26.Kxf1 Nxe5 27.Rb8+ Bf8 28.Qf5 Qh6 29.c5 g4
30.Qxf8+ Qxf8+ 31.Rxf8+ Kxf8 32.c6 {#r} 1-0

[Event "It (open)"]
[Site "masterchessopen.com - Rodeby (Sweden)"]
[Round "0"]
[White "Nilsson Viktor (SWE)"]
[Black "Larsson Johan (SWE)"]
[Result "0-1"]
[WhiteElo "2174"]
[BlackElo "2130"]

1.d4 f5 2.c4 Nf6 3.Nc3 d6 4.Nf3 g6 5.g3 Bg7 6.Bg2 O-O 7.O-O Nc6 8.d5 Ne5
9.Nxe5 dxe5 10.e4 f4 11.b3 g5 12.Bb2 Qe8 13.Nb5 Ng4 14.h3 Qh5 15.gxf4 Rxf4
16.hxg4 Bxg4 17.f3 Bh3 18.Rc1 Bxg2 19.Kxg2 g4 20.Qe2 gxf3+ 21.Rxf3 Rg4+ 22.Kf2
Qh4+ 23.Ke3 Rxe4+ 24.Kd3 Rxe2 25.Kxe2 e4 {#R} 0-1

[Event "It (open)"]
[Site "masterchessopen.com - Santander (Spain)"]
[Round "1"]
[White "Castelao Rodriguez Samuel (ESP)"]
[Black "Rada Equiza Miguel (ESP)"]
[Result "0-1"]
[WhiteElo "2208"]
[BlackElo "2281"]

1.d4 f5 2.g3 g6 3.Bg2 Nf6 4.Nf3 Bg7 5.O-O O-O 6.c4 d6 7.Nc3 Nc6 8.d5 Ne5
9.Nxe5 dxe5 10.c5 h6 11.Qb3 Kh8 12.Rd1 g5 13.c6 b6 14.Bd2 f4 15.a4 a5 16.Nb5
Bf5 17.Bc3 Ne4 18.Be1 g4 19.gxf4 exf4 20.Nd4 Nc5 21.Qc4 Bc8 22.Ne6 Ba6 23.Qxa6
Nxa6 24.Nxd8 Raxd8 25.Bc3 Bxc3 26.bxc3 Nc5 27.c4 f3 28.exf3 gxf3 29.Bh3 Rf4
30.Re1 Rg8+ 31.Kh1 Nd3 32.Rf1 Rh4 {#R} 0-1

[Event "Ch Slovakia (team) 1999/00 (1 liga) East"]
[Site "masterchessopen.com - Slovakia"]
[Round "5"]
[White "Balint Vilmos (HUN)"]
[Black "Havlicek Libor (SVK)"]
[Result "0-1"]
[WhiteElo "2208"]
[BlackElo "2160"]

1.d4 f5 2.c4 Nf6 3.Nc3 g6 4.Nf3 Bg7 5.g3 O-O 6.Bg2 d6 7.O-O Nc6 8.d5 Ne5
9.Nxe5 dxe5 10.Re1 Nh5 11.e4 f4 12.b4 Bd7 13.c5 Qc8 14.Qe2 Bh3 15.Bh1 Rf7
16.b5 Qf8 17.g4 f3 18.Qe3 Rf4 19.gxh5 Rg4+ 20.Bg2 Rxg2+ 21.Kh1 Rg4 22.h6 Bf6
23.Bd2 Bg5 24.Qd3 Qxh6 25.Bxg5 Qxg5 26.d6 Bg2+ 27.Kg1 Bf1+ {#R} 0-1

[Event "It (open)"]
[Site "masterchessopen.com - Turku (Finland)"]
[Round "1"]
[White "Linqvist Grels (FIN)"]
[Black "Keskinen Sauli (FIN)"]
[Result "0-1"]
[WhiteElo "2149"]
[BlackElo "2227"]

1.c4 f5 2.d4 Nf6 3.g3 g6 4.Bg2 Bg7 5.Nc3 O-O 6.Nf3 d6 7.O-O Nc6 8.d5 Ne5
9.Nxe5 dxe5 10.e4 f4 11.Rb1 g5 12.b4 g4 13.Re1 f3 14.Bf1 h5 15.a4 h4 16.Rb2
Nh7 17.c5 Bf6 18.Be3 Bd7 19.Nb5 Qe8 20.c6 Bc8 21.cxb7 Bxb7 22.a5 Qh5 23.Qc1
Ng5 24.Bxg5 Bxg5 25.Qd1 hxg3 26.fxg3 f2+ 27.Rxf2 Rxf2 28.Kxf2 Qxh2+ 29.Bg2
Rf8+ 30.Ke2 Qxg2+ 31.Kd3 {#R} 0-1

[Event "Ch Romania (juniors) (under 20)"]
[Site "masterchessopen.com - Calimanesti (Romania)"]
[Date "2000.05.08"]
[Round "6"]
[White "Manea Alexandru (ROM)"]
[Black "Sebe-Vodislav Florian-George (ROM)"]
[Result "0-1"]
[WhiteElo "2302"]
[BlackElo "2262"]

1.Nf3 d6 2.d4 g6 3.g3 f5 4.Bg2 Nf6 5.c4 Bg7 6.Nc3 O-O 7.O-O Nc6 8.d5 Na5 9.Nd2
c5 10.Qc2 e5 11.dxe6 Bxe6 12.Nd5 Bxd5 13.cxd5 b5 14.Rb1 Re8 15.b4 cxb4 16.Rxb4
Rc8 17.Qd3 a6 18.a4 Nb7 19.axb5 Nc5 20.Qb1 a5 21.Rc4 Rxe2 22.Nb3 Nfd7 23.Ba3
Ne5 24.Rxc5 dxc5 25.Bxc5 Rb2 26.Qxb2 Nf3+ 27.Bxf3 Bxb2 28.Re1 a4 29.Be7 Qe8
30.d6 axb3 31.Bd5+ Kg7 32.Be6 Rc1 {#R} 0-1

[Event "Ch Scotland"]
[Site "masterchessopen.com - Aberdeen (Scotland)"]
[Round "5"]
[White "Buchanan Walter F (SCO)"]
[Black "Fraser Mark Gordon (SCO)"]
[Result "1-0"]
[WhiteElo "2128"]
[BlackElo "2147"]

1.d4 f5 2.Nf3 Nf6 3.g3 g6 4.Bg2 Bg7 5.O-O O-O 6.c4 d6 7.Nc3 Nc6 8.Qc2 Kh8 9.b3
Nb4 10.Qd1 e5 11.Ba3 a5 12.dxe5 Ng4 13.Nd5 Nxd5 14.cxd5 Nxe5 15.Nd4 f4 16.Rc1
fxg3 17.hxg3 Bd7 18.Qd2 Ng4 19.Ne6 Bxe6 20.dxe6 Qf6 21.Rxc7 Qe5 22.Bf3 Qxe6
23.Bxg4 Qxg4 24.Bb2 Be5 25.Bxe5+ dxe5 26.Qh6 {#r} 1-0

[Event "Ch Asturias"]
[Site "masterchessopen.com - Asturias (Spain)"]
[Round "7"]
[White "Juan Roldan Jose Luis (ESP)"]
[Black "Fernandez Martin Fermin Jordi (ESP)"]
[Result "1-0"]
[WhiteElo "2292"]
[BlackElo "2112"]

1.c4 f5 2.d4 Nf6 3.g3 g6 4.Bg2 Bg7 5.Nc3 d6 6.Nf3 O-O 7.O-O Nc6 8.d5 Ne5 9.Qb3
Nxf3+ 10.Bxf3 Rb8 11.Be3 a6 12.Rad1 Qe8 13.Ba7 Ra8 14.Bd4 Qf7 15.Qa3 e5
16.dxe6 Bxe6 17.c5 dxc5 18.Bxc5 Rfd8 19.Bxb7 Rab8 20.Bc6 Ng4 21.Qxa6 Bc4
22.Qa4 Bxc3 23.bxc3 Bxe2 24.Rxd8+ Rxd8 25.Re1 Rd2 26.Qa8+ Kg7 27.Bd4+ Nf6
28.Bd5 Qxd5 29.Qxd5 {#r} 1-0

[Event "It (open)"]
[Site "masterchessopen.com - Augsburg (Germany)"]
[Round "6"]
[White "Herb Stefan (GER)"]
[Black "Pflug Matthias (GER)"]
[Result "0-1"]
[WhiteElo "2162"]
[BlackElo "2256"]

1.d4 f5 2.g3 g6 3.Bg2 Nf6 4.Nf3 Bg7 5.c4 O-O 6.Nc3 d6 7.O-O Nc6 8.d5 Ne5
9.Nxe5 dxe5 10.e4 f4 11.gxf4 exf4 12.Bxf4 Nxe4 13.Bd2 Nxd2 14.Qxd2 e6 15.Ne4
Kh8 16.Rac1 Qh4 17.d6 Be5 18.f4 Bxf4 19.Rxf4 Rxf4 20.Qd4+ Kg8 21.c5 Bd7
22.dxc7 Bc6 23.Rd1 Bd5 24.c6 bxc6 25.Qxa7 Rxa7 26.c8=Q+ Rf8 {#R} 0-1

[Event "Staatsliga B Mittel 2001/02"]
[Site "masterchessopen.com - Austria"]
[Round "2"]
[White "Umansky Mikhail (GER)"]
[Black "Pflug Matthias (GER)"]
[Result "1-0"]
[WhiteElo "2421"]
[BlackElo "2256"]

1.d4 f5 2.c4 g6 3.Nc3 Nf6 4.g3 Bg7 5.Bg2 O-O 6.Nf3 d6 7.O-O Nc6 8.d5 Ne5 9.Qb3
h6 10.Nxe5 dxe5 11.e4 a6 12.c5 Kh8 13.exf5 gxf5 14.Bd2 Qe8 15.Rfe1 Qh5 16.Qd1
Qf7 17.Rxe5 Ne4 18.Bf4 Nxc5 19.Re1 e6 20.Qd2 Kh7 21.Qe3 e5 22.Qxc5 exf4 23.Re7
Qg6 24.gxf4 Kh8 25.Kh1 Rg8 26.Rg1 c6 27.dxc6 bxc6 28.Qxc6 Bf6 29.Ree1 {#r} 1-0

[Event "It (cat.7)"]
[Site "masterchessopen.com - Belgrade (Yugoslavia)"]
[Round "9"]
[White "Lopez Martinez Josep Manuel (ESP)"]
[Black "Orlov Pavle (SRB)"]
[Result "1-0"]
[WhiteElo "2474"]
[BlackElo "2378"]

1.d4 f5 2.g3 Nf6 3.Bg2 g6 4.Nf3 Bg7 5.O-O O-O 6.c4 d6 7.Nc3 Nc6 8.d5 Na5 9.Qa4
c5 10.dxc6 Nxc6 11.Rd1 Qe8 12.c5 dxc5 13.Be3 Bd7 14.Bxc5 h6 15.Nd4 Rf7 16.Nxc6
Bxc6 17.Bxc6 bxc6 18.Rac1 g5 19.Qc4 e6 20.Rd6 Nd5 21.Bd4 Bxd4 22.Qxd4 Rd8
23.Nxd5 cxd5 24.Rdc6 e5 25.Qa4 Kh7 26.Qa6 Qf8 27.Rg6 Rdd7 28.Rcc6 {#r} 1-0

[Event "Ch Hungary (juniors) (under 20)"]
[Site "masterchessopen.com - Budapest (Hungary)"]
[Round "1"]
[White "Szeberenyi Adam (HUN)"]
[Black "Hajdu Balazs (HUN)"]
[Result "1-0"]
[WhiteElo "2365"]
[BlackElo "2151"]

1.d4 f5 2.g3 Nf6 3.Bg2 d6 4.Nf3 g6 5.O-O Bg7 6.c4 O-O 7.Nc3 Nc6 8.d5 Ne5
9.Nxe5 dxe5 10.c5 h6 11.Qb3 Kh8 12.Rd1 g5 13.Bd2 a6 14.Be1 Qe8 15.Qb4 Qh5
16.c6 bxc6 17.Qxe7 cxd5 18.Nxd5 Bb7 19.Nxf6 Bxf6 20.Qxc7 Bxg2 21.Kxg2 Qxe2
22.Bc3 Rac8 23.Qd6 Rce8 24.Re1 Qb5 25.Rad1 Qb7+ 26.Kg1 Qg7 27.Qxa6 e4 28.Rd6
{#r} 1-0

[Event "Ch Argentina (1/2 final)"]
[Site "masterchessopen.com - Buenos Aires (Argentina)"]
[Round "6"]
[White "Chapado Roberto (ARG)"]
[Black "Nedilsky Diego (ARG)"]
[Result "0-1"]
[WhiteElo "2155"]
[BlackElo "2314"]

1.Nf3 g6 2.d4 Bg7 3.c4 f5 4.g3 Nf6 5.Bg2 O-O 6.Nc3 d6 7.O-O Nc6 8.Rb1 e5 9.d5
Ne7 10.b4 a6 11.Qb3 g5 12.c5 Kh8 13.cxd6 cxd6 14.b5 e4 15.Nd2 Nexd5 16.Nxd5
Be6 17.Bb2 Nxd5 18.Bxg7+ Kxg7 19.Nc4 Nf6 20.Qb4 Bxc4 21.Qxc4 d5 22.Qd4 Kg6
23.b6 a5 24.Rfc1 Rc8 25.e3 Rc4 26.Qd1 d4 27.exd4 Rxd4 28.Qb3 Qd7 29.Rf1 f4
{#R} 0-1

[Event "Ch Argentina (1/2 final)"]
[Site "masterchessopen.com - Buenos Aires (Argentina)"]
[Round "1"]
[White "Mesa Jose Luis (ARG)"]
[Black "Rodi Luis Ernesto (ARG)"]
[Result "0-1"]
[WhiteElo "1948"]
[BlackElo "2233"]

1.d4 f5 2.Nf3 Nf6 3.g3 g6 4.Bg2 Bg7 5.O-O O-O 6.c4 d6 7.Nc3 Nc6 8.Rb1 e5 9.d5
Ne7 10.b4 h6 11.c5 g5 12.h4 e4 13.cxd6 cxd6 14.Nd4 gxh4 15.f3 hxg3 16.fxe4
Nxe4 17.Nxe4 fxe4 18.Bxe4 Bh3 19.Rf3 Rxf3 20.Bxf3 Nf5 21.Nxf5 Bxf5 22.Rb3 Qh4
23.Bg2 Qh2+ 24.Kf1 Bh3 {#R} 0-1

[Event "Memorial M.Najdorf (juniors)"]
[Site "masterchessopen.com - Buenos Aires (Argentina)"]
[Round "3"]
[White "Meza Gabriela (ARG)"]
[Black "Claverie Raul (ARG)"]
[Result "0-1"]
[WhiteElo "2036"]
[BlackElo "2274"]

1.d4 f5 2.g3 Nf6 3.Bg2 g6 4.Nf3 Bg7 5.O-O O-O 6.c4 d6 7.Nc3 Nc6 8.d5 Ne5
9.Nxe5 dxe5 10.e4 f4 11.Re1 g5 12.b3 a6 13.Bd2 Qe8 14.c5 h5 15.Bc1 Bd7 16.Ba3
h4 17.gxh4 g4 18.d6 c6 19.dxe7 Qxe7 20.Qd6 Qf7 21.Rad1 Be6 22.Qd2 Qh5 23.Qc2
Qxh4 24.Rd3 Nh7 25.Rd6 Ng5 26.Qd1 f3 {#R} 0-1

[Event "Ch Spain (open)"]
[Site "masterchessopen.com - Cala Mendia (Spain)"]
[Round "1"]
[White "Camarena Gimenez Rufino (ESP)"]
[Black "Milla De Marco Carlos (ESP)"]
[Result "1-0"]
[WhiteElo "2362"]
[BlackElo "2069"]

1.d4 f5 2.g3 g6 3.Bg2 Nf6 4.Nf3 Bg7 5.O-O O-O 6.c4 d6 7.Nc3 Nc6 8.d5 Ne5
9.Nxe5 dxe5 10.Qb3 Kh8 11.Rd1 h6 12.c5 g5 13.Bd2 f4 14.Be1 fxg3 15.hxg3 Qe8
16.Nb5 Qh5 17.f3 g4 18.Nxc7 gxf3 19.exf3 e4 20.f4 Bg4 21.Nxa8 Bf3 22.Bxf3 exf3
23.Nc7 f2+ 24.Bxf2 Ng4 {#r} 1-0

[Event "It (open)"]
[Site "masterchessopen.com - Chrudim (Czech Republic)"]
[Round "0"]
[White "Riska Lubomir (CZE)"]
[Black "Houska Bronislav (CZE)"]
[Result "1-0"]
[WhiteElo "2178"]
[BlackElo "2026"]

1.Nf3 g6 2.d4 Bg7 3.c4 f5 4.Nc3 Nf6 5.g3 O-O 6.Bg2 d6 7.O-O Nc6 8.d5 Na5 9.Qc2
Bd7 10.b3 c6 11.Bb2 cxd5 12.cxd5 Rc8 13.Qd2 Rc5 14.Nd4 Qc8 15.Rac1 b6 16.Ba3
Rc7 17.Ncb5 Bxb5 18.Nxb5 Rxc1 19.Rxc1 Qd7 20.Qd3 e5 21.dxe6 Qxe6 22.b4 {#r}
1-0

[Event "Oberliga Southwest 2001/02"]
[Site "masterchessopen.com - Germany"]
[Round "0"]
[White "Roth Stefan (GER)"]
[Black "Bauer Claus (GER)"]
[Result "0-1"]
[WhiteElo "2046"]
[BlackElo "2206"]

1.Nf3 f5 2.d4 Nf6 3.c4 g6 4.g3 Bg7 5.Bg2 O-O 6.O-O d6 7.Nc3 Nc6 8.d5 Ne5
9.Nxe5 dxe5 10.e4 f4 11.b4 g5 12.Bb2 g4 13.Re1 f3 14.Bf1 h5 15.Qd2 h4 16.Nd1
Nh7 17.c5 Qe8 18.Bc4 Kh8 19.Rf1 Qh5 20.Ne3 Ng5 21.Qc2 Bd7 22.Rad1 Rf6 23.d6
exd6 24.Nd5 hxg3 25.fxg3 Rh6 26.h4 gxh3 27.Nxc7 h2+ 28.Kh1 Bh3 29.Rf2 Bg2+
{#R} 0-1

[Event "Ch Hungary (team) 2000/01 (2 liga)"]
[Site "masterchessopen.com - Hungary"]
[Round "4"]
[White "Kiss Peter (HUN)"]
[Black "Grunberg Sergiu-Florin (ROM)"]
[Result "0-1"]
[WhiteElo "2162"]
[BlackElo "2339"]

1.d4 f5 2.c4 Nf6 3.Nf3 d6 4.g3 g6 5.Bg2 Bg7 6.O-O O-O 7.Nc3 Nc6 8.d5 Na5 9.Nd2
c5 10.Qc2 Bd7 11.a3 Rc8 12.b3 a6 13.Bb2 b5 14.Rfe1 Qb6 15.Rab1 e5 16.dxe6 Bxe6
17.e4 Nc6 18.Nd5 Bxd5 19.exd5 Nd4 20.Qd3 Ng4 21.f4 Rfe8 22.Ba1 Rb8 23.Nf3 bxc4
24.bxc4 Nxf3+ 25.Bxf3 Rxe1+ 26.Rxe1 Bxa1 27.Rxa1 Qb2 {#R} 0-1

[Event "It (open)"]
[Site "masterchessopen.com - Karvina (Czech Republic)"]
[Round "6"]
[White "Nedela Vlastimil (CZE)"]
[Black "Rogovskoy Alexander (RUS)"]
[Result "1-0"]
[WhiteElo "2380"]
[BlackElo "2280"]

1.Nf3 f5 2.c4 Nf6 3.Nc3 g6 4.g3 Bg7 5.Bg2 O-O 6.O-O d6 7.d4 Nc6 8.d5 Ne5 9.Qb3
Kh8 10.Bd2 h6 11.Nd4 g5 12.Rad1 a6 13.e4 f4 14.gxf4 gxf4 15.Bxf4 Nxe4 16.Bxe5
dxe5 17.Ne6 Bxe6 18.dxe6 Nxc3 19.Rxd8 Ne2+ 20.Kh1 Raxd8 21.Qxb7 Rd4 22.Qxc7
Bf6 23.c5 Nf4 24.Qb7 Rg8 25.Bf3 e4 26.Bxe4 Be5 27.Bf5 Rg5 28.Qxe7 Rxf5 29.Rg1
Rg5 30.Qxg5 hxg5 {#r} 1-0

[Event "It (open)"]
[Site "masterchessopen.com - Karvina (Czech Republic)"]
[Round "2"]
[White "Walach Marcin (POL)"]
[Black "Shtyrenkov Veniamen (RUS)"]
[Result "0-1"]
[WhiteElo "2260"]
[BlackElo "2492"]

1.c4 f5 2.Nc3 Nf6 3.d4 g6 4.g3 Bg7 5.Bg2 O-O 6.Nf3 d6 7.O-O Nc6 8.d5 Ne5
9.Nxe5 dxe5 10.e4 f4 11.f3 g5 12.b3 h5 13.Qe1 Nh7 14.Bd2 Bd7 15.Na4 b6 16.Nb2
Rf7 17.Nd3 Nf8 18.Rd1 Ng6 19.Bc3 Qf8 20.c5 Re8 21.Rd2 Bf6 22.a4 Qh6 23.Qa1
fxg3 24.hxg3 g4 25.f4 h4 26.fxe5 Nxe5 27.Nxe5 hxg3 28.Rxf6 Rxf6 29.Nxg4 Bxg4
30.Bxf6 Rf8 31.d6 Rxf6 32.Qxf6 exf6 {#R} 0-1

[Event "It (open)"]
[Site "masterchessopen.com - Kiel (Germany)"]
[Round "2"]
[White "Engels Gerd (GER)"]
[Black "Welz Peter Dr (GER)"]
[Result "0-1"]
[WhiteElo "2009"]
[BlackElo "2219"]

1.d4 f5 2.c4 Nf6 3.g3 g6 4.Bg2 Bg7 5.Nc3 O-O 6.Nf3 d6 7.O-O Nc6 8.d5 Ne5
9.Nxe5 dxe5 10.e4 f4 11.b3 g5 12.f3 a6 13.g4 h5 14.h3 Kf7 15.Kf2 Rh8 16.Rh1
Qd6 17.a4 hxg4 18.hxg4 Qb6+ 19.Kf1 Rxh1+ 20.Bxh1 Bd7 21.Rb1 Rh8 22.Kg2 Nxg4
23.fxg4 Qh6 24.Bb2 Qh3+ 25.Kf2 Qe3+ {#R} 0-1

[Event "Cup Independence (open)"]
[Site "masterchessopen.com - Kiev (Ukraine)"]
[Round "0"]
[White "Nazarevskiy Sergey (UKR)"]
[Black "Bochkarev Alexander (UKR)"]
[Result "0-1"]
[WhiteElo "2069"]
[BlackElo "2361"]

1.d4 f5 2.g3 g6 3.Bg2 Nf6 4.c4 Bg7 5.Nc3 d6 6.Nf3 O-O 7.O-O Nc6 8.d5 Na5 9.Qd3
c5 10.Re1 a6 11.Rb1 h6 12.Nh4 Qe8 13.e4 Ng4 14.exf5 g5 15.Qe2 Ne5 16.f4 gxh4
17.fxe5 Bxf5 18.exd6 exd6 19.Be4 Bd4+ 20.Kh1 Bxc3 21.bxc3 Bxe4+ 22.Qxe4 Rf1+
23.Kg2 Rxe1 24.Qg4+ Kh8 25.Bxh6 Qe2+ {#R} 0-1

[Event "Ch Baden (seniors) (2)"]
[Site "masterchessopen.com - Leimen (Germany)"]
[Round "1"]
[White "Meyer Walter (GER)"]
[Black "Mertens Gottfried (GER)"]
[Result "0-1"]
[WhiteElo "1861"]
[BlackElo "1993"]

1.d4 f5 2.c4 Nf6 3.Nc3 g6 4.Nf3 Bg7 5.g3 d6 6.Bg2 O-O 7.O-O Nc6 8.a3 e5 9.dxe5
dxe5 10.e4 f4 11.Nd5 Bg4 12.h3 Bxf3 13.Nxf6+ Qxf6 14.Qxf3 Nd4 15.Qd3 f3 16.Bh1
Rad8 17.Kh2 Rf7 18.Be3 h6 19.Rad1 Kh7 20.b4 Rff8 21.c5 c6 22.Bxd4 Rxd4 23.Qe3
h5 24.Rxd4 exd4 25.Qd3 Qf7 26.Re1 Be5 27.h4 Qf6 28.Rf1 Qxh4+ 29.Kg1 Bxg3 {#R}
0-1

[Event "Ch Baden (seniors) (2)"]
[Site "masterchessopen.com - Leimen (Germany)"]
[Round "3"]
[White "Von Ehr Martin (GER)"]
[Black "Frommherz Albert (GER)"]
[Result "1-0"]
[WhiteElo "1940"]
[BlackElo "1907"]

1.c4 f5 2.Nc3 Nf6 3.g3 g6 4.Bg2 Bg7 5.d4 O-O 6.Nf3 d6 7.O-O Nc6 8.Bf4 Nh5 9.d5
Nxf4 10.gxf4 Nb8 11.Nd4 e5 12.dxe6 c6 13.Qd2 Qe7 14.Rad1 Rd8 15.Rfe1 Bxd4
16.Qxd4 Bxe6 17.c5 d5 18.e4 fxe4 19.Nxe4 Nd7 20.Ng5 Nf8 21.Bh3 Qxg5+ 22.fxg5
Bxh3 23.Re7 Ne6 24.Qh4 Bf5 25.Qxh7+ {#r} 1-0

[Event "Ch Sweden (juniors)"]
[Site "masterchessopen.com - Linkoping (Sweden)"]
[Round "13"]
[White "Lonngren Tobias (SWE)"]
[Black "Semcesen Daniel (SWE)"]
[Result "0-1"]
[WhiteElo "2082"]
[BlackElo "2097"]

1.Nf3 f5 2.g3 Nf6 3.Bg2 g6 4.O-O Bg7 5.c4 O-O 6.Nc3 d6 7.d4 Nc6 8.d5 Ne5
9.Nxe5 dxe5 10.Qb3 Kh8 11.Rd1 a6 12.Bd2 Qe8 13.Be1 e4 14.c5 c6 15.dxc6 Qxc6
16.Qa3 Be6 17.Na4 Nd5 18.f3 exf3 19.Bxf3 Bg8 20.Nb6 Rad8 21.Ba5 e5 22.e4 Nxb6
23.exf5 Rxd1+ 24.Rxd1 e4 25.Rd6 Nc4 26.f6 Bxf6 27.Rxc6 Bd4+ 28.Kh1 Nxa3 29.Rd6
exf3 30.Rxd4 f2 31.Rd1 Bd5+ {#R} 0-1

[Event "Ch France (accession)"]
[Site "masterchessopen.com - Marseilles (France)"]
[Round "4"]
[White "Plantet Sebastien (FRA)"]
[Black "Marzolo Cyril (FRA)"]
[Result "0-1"]
[WhiteElo "2313"]
[BlackElo "2403"]

1.c4 f5 2.Nf3 Nf6 3.Nc3 g6 4.g3 Bg7 5.Bg2 O-O 6.O-O d6 7.d4 Nc6 8.d5 Ne5 9.Nd2
g5 10.f4 gxf4 11.gxf4 Ng6 12.Nf3 Kh8 13.Qd3 Bd7 14.Nd4 Nh4 15.Bh3 Ne4 16.Be3
Qe8 17.Kh1 c5 18.Ndb5 Qh5 19.Bf2 Ng6 20.Be1 Qh6 21.Qf3 Nxf4 22.Qxf4 Qxh3
23.Rf3 Qh5 24.Nc7 Rac8 25.Ne6 Bxe6 26.dxe6 Qg6 27.Nd5 Rg8 28.Bg3 Qxe6 29.Bh4
Bxb2 30.Rb1 Qg6 31.Rg3 Nxg3+ 32.hxg3 Be5 {#R} 0-1

[Event "Ch Region"]
[Site "masterchessopen.com - Nikolaev (Ukraine)"]
[Round "9"]
[White "Fedortsov Evgeny (UKR)"]
[Black "Zubov Alexander (UKR)"]
[Result "0-1"]
[WhiteElo "2085"]
[BlackElo "2470"]

1.Nf3 f5 2.c4 Nf6 3.g3 g6 4.Bg2 Bg7 5.O-O O-O 6.d4 d6 7.Nc3 Nc6 8.Qc2 e5
9.dxe5 dxe5 10.Rd1 Bd7 11.Ng5 Nd4 12.Qd2 h6 13.e3 Ne6 14.Nxe6 Bxe6 15.Qe2 Qc8
16.e4 f4 17.gxf4 exf4 18.Nd5 Nxd5 19.cxd5 Bh3 20.f3 Bxg2 21.Qxg2 Kh7 22.Rb1 c6
23.b3 Rd8 24.Bxf4 cxd5 25.Rbc1 dxe4 26.fxe4 Qe6 27.Rd5 Rac8 28.Rcd1 Rxd5
29.Rxd5 Qf6 30.Qd2 Rf8 {#R} 0-1